BIBLIOTECA Y CENTRO DE DOCUMENTACIÓN

Métodos de investigación en las relaciones sociales / (Registro nro. 16829)

Detalles MARC
000 -CABECERA
fixed length control field 01239nam a2200361Ia 4500
001 - NÚMERO DE CONTROL
control field 734
003 - IDENTIFICADOR DEL NÚMERO DE CONTROL
control field WAA
005 - FECHA Y HORA DE LA ULTIMA TRANSACCIÓN
control field 20260331063947.0
006 - ELEMENTOS DE LONGITUD FIJA -CARACTERÍSTICAS DE MATERIALES ADICIONALES- INFORMACIÓN GENERAL
fixed length control field a||||fr|||| 001 0
007 - CAMPO FIJO DE LA DESCRIPCIÓN FÍSICA- INFORMACIÓN GENERAL
fixed length control field ta
008 - ELEMENTOS DE LONGITUD FIJA
fixed length control field t sp-||1980||||ag 1 0 rpa d s sospa
020 ## - ISBN
ISBN 8432120251
040 ## - FUENTE DE CATALOGACIÓN
Agencia que realiza la transcripción WAA
Agencia de catalogación original WAA
Agencia que realiza la modificación AR-MoUNM
041 ## - CÓDIGO DEL IDIOMA
Código de idioma para texto, pista de sonido o título independiente spa
082 0# - NÚMERO DE CLASIFICACIÓN DECIMAL DEWEY (C.D.D.)
Número de la edición 20
Número del ítem SELL 468
Número de la Clasificación Decimal de Dewey (C.D.D.) 300.72
100 1# - ENTRADA PRINCIPAL - NOMBRE DE PERSONA
9 (RLIN) 6897
Nombre personal Selltiz, Claire
245 00 - MENCIÓN DEL TÍTULO
Título Métodos de investigación en las relaciones sociales /
Mención de responsabiblidad Claire Selltiz ; Lawrence S. Wrightsman ; Stuart. W. Cook.
250 ## - MENCIÓN DE EDICIÓN
Mención de edición 9a ed.
260 30 - PUBLICACIÓN, DISTRIBICIÓN, ETC.
Lugar de publicación, distribución, etc. Madrid :
Nombre del editor, distribuidor, etc. Rialp,
Fecha de publicación, distribución, etc. 1980.
300 ## - DESCRIPCIÓN FÍSICA
Extensión 826 p. ;
Dimensiones [El subcampo es A para Materiales Mixtos] 23 cm.
Otros detalles físicos tablas ;
490 0# - MENCIÓN DE SERIE
Mención de Serie (Biblioteca de Educación y Ciencias sociales. Técnicas y estudios experimentales ;
Número de volumen / designación secuencial 6)
500 ## - NOTA GENERAL
Nota general Título original: Research methods in social relations.
504 ## - NOTA DE BIBLIOGRAFÍA, ETC.
Nota de bibliografía, etc. Incluye referencias bibiliográficas e índice (p.777-826)
650 #7 - ENTRADA SECUNDARIA DE MATERIA - TÉRMINO TEMÁTICO
Fuente de la entrada o término unescot
Término temático o nombre geográfico como elemento de entrada INVESTIGACION SOCIAL
9 (RLIN) 1138
650 #7 - ENTRADA SECUNDARIA DE MATERIA - TÉRMINO TEMÁTICO
Fuente de la entrada o término unescot
Término temático o nombre geográfico como elemento de entrada SOCIOLOGIA
9 (RLIN) 29
650 #7 - ENTRADA SECUNDARIA DE MATERIA - TÉRMINO TEMÁTICO
Fuente de la entrada o término unescot
Término temático o nombre geográfico como elemento de entrada METODO CIENTIFICO
9 (RLIN) 1586
650 #7 - ENTRADA SECUNDARIA DE MATERIA - TÉRMINO TEMÁTICO
Término temático o nombre geográfico como elemento de entrada METODOLOGIA
Fuente de la entrada o término unescot
9 (RLIN) 1135
650 #7 - ENTRADA SECUNDARIA DE MATERIA - TÉRMINO TEMÁTICO
Término temático o nombre geográfico como elemento de entrada CIENCIAS SOCIALES
Fuente de la entrada o término unescot
9 (RLIN) 676
650 #7 - ENTRADA SECUNDARIA DE MATERIA - TÉRMINO TEMÁTICO
Fuente de la entrada o término mpirdes
Término temático o nombre geográfico como elemento de entrada SOCIEDAD
9 (RLIN) 247
700 1# - ENTRADA SECUNDARIA - NOMBRE DE PERSONA
Nombre de la persona Cook, Stuart W.
9 (RLIN) 6899
700 1# - ENTRADA SECUNDARIA - NOMBRE DE PERSONA
Nombre de la persona Wrightsman, Lawrence S.
9 (RLIN) 6898
942 ## - ADDED ENTRY ELEMENTS (KOHA)
Item type Libros
Existencias
Withdrawn status Lost status Damaged status Not for loan Home library Current library Date acquired Source of acquisition Inventory number Total Checkouts Full call number Barcode Date last seen Copy number Price effective from Koha item type
        Colección general Colección general 03/02/2022 Donación Edgardo Margiotta 21857   300.72 SELL 468 21857 03/02/2022 Ej. C 03/02/2022 En tránsito
Biblioteca UNM
Universidad Nacional de Moreno
Av. Bme. Mitre Nº 1891 (B1744OHC) Moreno
Provincia de Buenos Aires, República Argentina
(0237) 460-9300 (líneas rotativas)
(011) 2078-9170 (líneas rotativas)
biblioteca@unm.edu.ar
Universidad del Bicentenario Argentino